Vícerozměrné statistické metody [2]

Enregistré dans:
Détails bibliographiques
Auteur principal: Hebák, Petr
Autres auteurs: Hustopecký, Jiří, Malá, Ivana
Format: Livre
Langue:tchèque
Publié: Praha Informatorium 2005
Sujets:
Tags: Ajouter un tag
Pas de tags, Soyez le premier à ajouter un tag!

MARC

LEADER 00000nam$a2200000$$$4500
001 0043667
005 20221129083035.0
020 |a 80-7333-036-9 
041 0 |a cze 
044 |a CZ 
245 1 0 |a Vícerozměrné statistické metody [2]  |c Petr Hebák, Jiří Hustopecký, Ivana Malá 
264 1 |a Praha  |b Informatorium  |c 2005 
300 |a 239 s. 
610 2 0 |a metódy štatistické 
610 2 0 |a regresia 
610 2 0 |a modely lineárne 
610 2 0 |a korelácia 
610 2 0 |a koeficient korelácie 
610 2 0 |a analýza štatistická 
610 2 0 |a modely nelineárne 
100 1 |a Hebák, Petr 
700 1 |a Hustopecký, Jiří 
700 1 |a Malá, Ivana